Interpretación y calificación de los contratos frente al recurso de casación en el fondo en materia civil
Zapisane w:
| 1. autor: | |
|---|---|
| Format: | Książka |
| Język: | hiszpański |
| Wydane: |
Santiago
Jurídica de Chile
1965
|
| Hasła przedmiotowe: | |
| Etykiety: |
Dodaj etykietę
Nie ma etykietki, Dołącz pierwszą etykiete!
|
MARC
| LEADER | 00000nam a2200000 a 4500 | ||
|---|---|---|---|
| 001 | UCV0547 | ||
| 003 | CL-VaPUC | ||
| 008 | 881013e19650000CL |||||||||||||||||spa|d | ||
| 082 | 0 | 4 | |a 346.022 |b LOP |2 21 |
| 100 | |a López Santa María, Jorge |e autor |9 816080 | ||
| 245 | 1 | 0 | |a Interpretación y calificación de los contratos frente al recurso de casación en el fondo en materia civil |
| 300 | |a 133 p | ||
| 942 | |c BK | ||
| 945 | |d 19881013 00:00:00 | ||
| 260 | |a Santiago |b Jurídica de Chile |c 1965 | ||
| 500 | |a Tesis: Licenciado en Ciencias Jurídicas y Sociales | ||
| 650 | 0 | |a Contratos |9 255153 | |
| 651 | 7 | |a CHILE |2 CL-VaPUC |9 295006 | |
| 583 | |a last modification |c 19881013 00:00:00 |k Rodrigo Vera | ||
| 999 | |c 208945 |d 208943 | ||
| 952 | |0 0 |1 0 |4 0 |6 346_022000000000000_LOP_1965 |7 0 |8 A |9 183967 |a BIBDER |b BIBDER |d 2019-11-14 |i 2509296 |o 346.022 LOP 1965 |p 2509296 |r 2023-01-25 |w 2019-11-14 |y BK |k DER | ||